000 00695nam a2200205Ii 4500
003 JO-AjNU
008 230605s9999||||xx |||||||||||||| ||und||
040 _aJO-AjNU
_bara
_erda
_cJO-AjNU
041 _aara
050 1 4 _a2019.QC173.6.R85
100 3 _aتاليف رسل، برتراند؛ ترجمة فؤاد كامل؛ مراجعة محمد مرسي احمد,
_eauthor
_962681
245 0 0 _aالف باء النسبية
250 _aط1
264 3 1 _aعمان: وزارة الثقافة، 2019
300 _a223ص
336 _atext
_btxt
_2rdacontent
337 _aunmediated
_bn
_2rdamedia
338 _avolume
_bnc
_2rdacarrier
650 4 _aالنسبية-نظرية-فلسفة
_962682
999 _aA28395
_c31963
_d31963